01681nam a2200241Ia 4500001000600000003000900006008004100015040001300056040001300069041001300082100002000095100002900115245008100144245008100225250001100306260001000317260001600327260004900343300005700392500093200449650002701381650003101408G2024IT-RoPAU130308s9999 xx 000 0 und d aIT-RoPAU cIT-RoPAU aFRANCESE aGuirard Laurent gCodice Aut. SPICS: 54031 aAbandonner la musique? Psychologie de la motivation et apprentissage musical bAbandonner la Musique? Psychologie de la motivation et Apprentissage Musical a1a ed. aPARIS bL'Harmattan c1998 [1° Ed.:1998 - Ed.Ling.Originale:1998] a"240 p. (prefazione: no ; testo: 240 [pagine: 0-0])" aPsicologia della motivazione e Apprendimento Musicale. Prefazione di Robert Frances. lotta per la Conoscenza. Come si parla di Motivazione. Come Presentare e Definitre la nozione di Motivazione: teorie dei contenuti e dei Processi, un Po' di Storia, Eiv: un Modello Pedagogico. Sulla Valenza: una Briciola di Pratica Interpretativa, impasse del Bisogno di Realizzazione, Paradossi del Musicista nel Mulinello delle Attribuzioni Causali. Sulla Strumentalita': Come Definire la Strumentalità, Apporto maggiore delle teorie dell'Attribuzione Causale, Rassegnazione Appresa, teorie Implicite dell'Intelligenza. Sulle Attese: ruolo del Feedback e dei Mediatori Cognitivi. Inchiesta Sugli Studenti di Musicologia. Bibliografia. Glossario. Capire Come Alcuni Utilizzano e Sviluppano Piu' o meno Bene le Loro Competenze Musicali. Piste di Studio Scientificamente Fondate Sulla Realtà Eminentemente complessa del Mondo della Musica. aEDUCAZIONE ALLA MUSICA eCodice materia Spics: 7012